MARC

LEADER 00000nam0a2200000 4500
001 311580
005 20231102002411.0
020 |a RU  |b 82-25793 
035 |a (RuTPU)RU\TPU\book\336937 
090 |a 311580 
100 |a 20151209d1982 km y0rusy5003 ca 
101 0 |a rus 
102 |a RU 
105 |a a z 001zy 
200 1 |a Возбужденные атомы  |f Б. М. Смирнов 
210 |a Москва  |c Энергоиздат  |d 1982 
215 |a 232 с.  |c ил. 
320 |a Библиогр. в конце гл. 
320 |a Библиогр.: с. 221-226 
606 1 |a Атомы  |x Возбужденное состояние  |2 stltpush  |3 (RuTPU)RU\TPU\subj\29793  |9 53055 
610 1 |a молекулы 
610 1 |a газы 
610 1 |a распространение 
610 1 |a атомные столкновения 
610 1 |a молекулярные столкновения 
610 1 |a релаксация 
610 1 |a ионизация 
610 1 |a ридберговские состояния 
675 |a 539.184  |z rus  |v 3 
700 1 |a Смирнов  |b Б. М.  |g Борис Михайлович  |4 070 
801 0 |a RU  |b RuMRKP  |c 19950704  |g psbo 
801 1 |a RU  |b 63413507  |c 20151209 
801 2 |a RU  |b 63413507  |c 20191101  |g RCR 
942 |c BK